000 01595 a2200217 4500
001 47489
005 20260407155742.0
008 260407a1995 arg spa d
003 AR-UNSa-BCEJYS
040 _aAR-UNSa-BCEJYS
_bspa
_cAR-UNSa-BCEJYS
080 _a94(82)
_xHistoria de Argentina
245 1 0 _aHistoria del noroeste argentino
020 _a950-21-0851-5
264 1 _aBuenos Aires :
_bPlus Ultra
_c1995
300 _a434 p.
_c23 cm.
505 _a1. La región y provincia de Tucumán - 2. Las guerras calchaquíes - 3. La provincia de Tucumán en vísperas de la revolución - 4. Las provincias del norte y la Revolución de Mayo - 5. El ejército auxiliar del Perú y los pueblos del norte - 6. Cambios producidos por la guerra en las ciudades del norte. Política, sociedad y economía - 7. Las provincias del norte en el congreso de Tucumán - 8. El pueblo en armas: republiquetas y guerra gaucha - 9. Reacciones autonómicas y federativas - 10. La disolución del Estado Nacional - 11. El proyecto unitario - 12. Guerra de federales y unitarios en el norte. El ascenso político de Quiroga - 13. La segregación del Alto Perú - 14. De la Ciudadela a Barranca Yaco - 15. El Protectorado del norte argentino - 16. La liga del norte - 17. El sistema de la confederación rosista, lealtades y resistencias - 18. La organización constitucional y las provincias del norte.
942 _cBK
590 _aniveau_biblio:m niveau_hierar:0
100 1 _aBazán, Armando Raúl
856 4 1 _uhttps://www.biblioeco.unsa.edu.ar/pmb/images/libros/L127530.jpg
_yImagen de portada
_qimage/jpeg
999 _c4386
_d4386